[Event "Kish 2nd"]
[Site "Kish"]
[Date "2005.02.05"]
[Round "5"]
[White "Kunte, Abhijit"]
[Black "Sharbaf, Mohsen"]
[Result "1-0"]
[WhiteElo "2568"]
[BlackElo "2403"]
[Annotator "Ftacnik,L"]
[PlyCount "65"]
[EventDate "2005.02.02"]
[EventType "tourn"]
[EventRounds "11"]
[EventCountry "IRI"]
[EventCategory "9"]
[SourceTitle "CBM 106"]
[Source "ChessBase"]
[SourceDate "2005.06.06"]
[SourceVersion "1"]
[SourceVersionDate "2005.06.06"]
[SourceQuality "1"]

1. d4 Nf6 2. Nf3 e6 3. g3 b6 4. Bg2 Bb7 5. c4 Be7 6. O-O O-O 7. Re1 d6 8. Nc3
Ne4 9. Qc2 Nxc3 10. Ng5 Bxg5 11. Bxb7 Bxc1 (11... Nxe2+ 12. Qxe2 (12. Rxe2 Nd7
13. Bxa8 Bxc1 14. Rxc1 Qxa8 15. Qe4 c6 16. b4 Qc8 17. Qf4 Rd8 18. Qxd6 Nc5 19.
dxc5 Rxd6 20. cxd6 {1-0 Cramling,P-Balbutin,N/Kapuskasing 2003/ (27)}) 12...
Bxc1 13. Raxc1 Nd7 14. Bxa8 Qxa8 15. Qe4 Qc8 16. b4 d5 17. Qc2 Nf6 18. c5 Qd7
19. a4 h5 20. b5 Qe7 21. Kg2 h4 {1/2-1/2 Bodiroga,P-Savic,M/Jahorina 2001/ (52)
}) (11... Nd7 12. Bxa8 (12. Bxg5 Qxg5 13. Bxa8 Nxe2+ 14. Rxe2 Rxa8 15. Qe4 Rb8
16. Qc6 Qd8 17. b4 Nf6 18. Rc1 h5 19. h3 g6 {1/2-1/2 Arsovic,Z-Radivojevic,I/
Petrovac 2004/ (39)}) 12... Bxc1 13. bxc3 Bb2 14. Qxb2 Qxa8 15. e4 e5 16. Qb5
Qc8 17. Rad1 h5 18. h4 g6 19. Kg2 Kg7 20. f3 {1-0 Grabarczyk,M-Meczynski,W/
Lublin 1999/ (30)}) 12. Bxa8 $1 {Kunte chooses an exact move, that improves on
the older 12.bxc3.} (12. bxc3 Bh6 13. Bxa8 c6 14. d5 cxd5 15. cxd5 e5 16. a4 f5
17. Bc6 Na6 18. e4 fxe4 19. Rxe4 Nc5 20. Ree1 Qf6 21. Bb5 e4 {1/2-1/2 Konopka,
M-Szurovszky,E/Hungary 1996/ (62)}) 12... Nxe2+ (12... Bh6 13. Qxc3 $16) 13.
Rxe2 Bg5 14. Bg2 Bf6 (14... c5 15. d5 e5 16. Rf1 $16) 15. Rd1 Qc8 (15... d5 16.
cxd5 exd5 17. b4 c6 18. b5 cxb5 19. Qb3 Nc6 20. Red2 Ne7 21. Qxb5 $16) 16. b4 {
Black doesn't seem to get any real compensation for the missing exchange.} c5 (
16... c6 17. d5 cxd5 18. cxd5 $18) 17. bxc5 bxc5 (17... dxc5 18. d5 exd5 19.
Bxd5 $16) 18. d5 exd5 (18... e5 19. Rb1 Nd7 20. Qa4 $18) 19. Bxd5 Nc6 20. Qa4 (
20. Bxc6 Qxc6 21. Rd5 Be5 22. Re3 $16) 20... Nd4 21. Re3 {White is in complete
control of the whole board, the knight on central square notwithstanding.} Nf5
(21... Qc7 22. Rb1 $18) 22. Re4 Ne7 (22... Qc7 23. Rb1 $18) 23. Qxa7 Nxd5 24.
Rxd5 Qc6 (24... Be5 25. Re3 $18) 25. Re3 h6 26. Rb3 Bd4 27. Rb8 {The last task
is to prevent counterplay for black.} g6 28. h4 Kg7 (28... Rxb8 29. Qxb8+ Kg7
30. Qxd6 Qa4 31. Rxd4 cxd4 32. Qxd4+ Kg8 33. Qd8+ Kg7 34. c5 $18) 29. Rxf8 Kxf8
30. Qb8+ Ke7 31. a4 Qa6 (31... Qxa4 $2 32. Qxd6+ Ke8 33. Qd8#) 32. a5 Kd7 33.
Qb5+ (33. Qb5+ Qc6 34. a6 Kc7 35. Qxc6+ Kxc6 36. Rxd6+ $18) 1-0

[Event "RUS-ch 54th"]
[Site "Elista"]
[Date "2001.05.08"]
[Round "8"]
[White "Ionov, Sergey"]
[Black "Pushkov, Nikolai"]
[Result "1-0"]
[WhiteElo "2505"]
[BlackElo "2561"]
[Annotator "Ftacnik,L"]
[PlyCount "79"]
[EventDate "2001.04.29"]
[EventType "swiss"]
[EventRounds "9"]
[EventCountry "RUS"]
[SourceTitle "CBM 083"]
[Source "ChessBase"]
[SourceDate "2001.07.05"]
[SourceVersion "1"]
[SourceVersionDate "2001.07.05"]
[SourceQuality "1"]

1. d4 Nf6 2. c4 e6 3. Nf3 b6 4. g3 Bb7 5. Bg2 Be7 6. Nc3 O-O 7. O-O Na6 8. Bf4
d5 9. Ne5 c5 10. cxd5 exd5 11. Rc1 Nc7 12. dxc5 bxc5 13. Qa4 Ne6 (13... Bd6 14.
Nc4 (14. Nd3 Ne6 15. Rfd1 Re8 16. Bxd6 Qxd6 17. Qa3 Qe7 18. Na4 {1/2-1/2
Jirovsky,P-Nun,J/CZE/2000/ (18)}) 14... Bxf4 15. gxf4 Qe7 16. Rfd1 Rab8 17. Na5
Ba8 18. Qc2 c4 19. a3 Rfd8 20. e3 {1/2-1/2 Polak,T-Nun,J/CZE/2000/ (45)}) 14.
Rfd1 (14. Nc6 Bxc6 15. Qxc6 Rc8 16. Qa4 d4 17. Ne4 Nxe4 18. Bxe4 Nxf4 19. gxf4
Qd6 20. e3 dxe3 21. fxe3 Qd2 {0-1 Freisler,P-Votava,J/CSR/1992/ (39)}) 14...
Nxf4 (14... g5 15. Be3 Qc7 16. Bxd5 Qxe5 17. Bxb7 Rab8 18. Bd5 Rxb2 19. Bb3 Rc8
20. Qa3 Rxb3 21. Qxb3 Nd4 22. Qc4 {1-0 Sadriev,T-Semakin,A/Yerevan/1983/ (33)})
15. gxf4 Qd6 16. e3 {The new move, that neglects the possibility to grab the
central pawn with a small combination starting with 16.Nxd5.} (16. Nxd5 Nxd5
17. Bxd5 Bxd5 18. e4 Qh6 19. exd5 Bd6 20. Qe4 Rae8 21. Qf5 f6 22. Nd3 {1-0
Tukmakov,V-Langeweg,K/Ostend/1990/ (31)}) 16... Qe6 (16... Rfb8 17. b4 $1 cxb4
18. Nb5 $14) 17. Qb3 Rab8 18. Nxd5 Nxd5 (18... Bxd5 19. Bxd5 Rxb3 20. Bxe6 Rxb2
21. Bb3 $16) 19. Bxd5 Bxd5 20. Qxd5 Qxd5 (20... Rxb2 21. Qxe6 fxe6 22. a4 $14)
21. Rxd5 Rxb2 22. a4 Ra2 23. Rc4 g6 24. Kg2 Bh4 (24... Re8 25. Rd7 a6 26. Ra7
Bh4 27. Rxc5 Bxf2 28. Kf3 $14) 25. Nd3 Rc8 26. f5 $1 {White takes some
advantage of the strange location of bishop h4, but the position is close to
equality.} (26. Rdxc5 $2 Rxc5 27. Rxc5 Rxa4 $15) 26... g5 (26... Rd8 27. Rxd8+
Bxd8 28. Nxc5 (28. fxg6 hxg6 29. Nxc5 Bb6 $11) 28... gxf5 29. Nb3 $14) 27. e4
h5 28. h3 Kg7 29. Kf3 Rb8 (29... g4+ $2 30. hxg4 hxg4+ 31. Kxg4 Bxf2 32. f6+ $1
Kh6 33. Rh5+ Kg6 34. Rh2 $18) 30. Rdxc5 Rb3 31. Rc3 Rxc3 32. Rxc3 Rxa4 33. Rc7
$1 Ra3 (33... g4+ 34. hxg4 hxg4+ 35. Kf4 $14) (33... a5 34. e5 g4+ 35. hxg4
hxg4+ 36. Ke2 Bd8 37. Rd7 $14) (33... Kf6 $5 34. Rc6+ Ke7 35. e5 $13) 34. Ke2
Ra2+ 35. Ke3 Ra3 $2 {[%mdl 4096] Pushkov has not understood, that his position
is under grave danger, white central pawns can do lot of harm.} (35... a5 36.
e5 Kf8 37. f6 Ke8 38. Ke4 Re2+ 39. Kf5 Bxf2 40. e6 fxe6+ 41. Kg6 $18) (35...
Kf6 $5) 36. e5 Kg8 (36... a5 37. e6 $16) (36... Kf8 37. f6 Ke8 38. Ke4 $16) 37.
f6 Bxf2+ (37... a5 38. Rc8+ Kh7 39. e6 $18) 38. Kxf2 Rxd3 39. Rc8+ Kh7 40. e6 (
40. e6 Rd6 41. e7 Rxf6+ 42. Kg2 $18) 1-0

[Event "Olympiad-36"]
[Site "Mallorca"]
[Date "2004.10.17"]
[Round "3"]
[White "Sorin, Ariel"]
[Black "Barrientos Chavarriaga, Sergio E"]
[Result "1-0"]
[WhiteElo "2509"]
[BlackElo "2435"]
[Annotator "Ftacnik,L"]
[PlyCount "71"]
[EventDate "2004.10.15"]
[EventType "team-swiss"]
[EventRounds "14"]
[EventCountry "ESP"]
[SourceTitle "CBM 104"]
[Source "ChessBase"]
[SourceDate "2005.01.27"]
[SourceVersion "1"]
[SourceVersionDate "2005.01.27"]
[SourceQuality "1"]
[WhiteTeam "Argentina"]
[BlackTeam "Columbia"]
[WhiteTeamCountry "ARG"]
[BlackTeamCountry "COL"]

1. d4 Nf6 2. c4 e6 3. Nf3 b6 4. g3 Bb7 5. Bg2 Be7 6. Nc3 O-O 7. O-O Ne4 8. Bd2
f5 9. d5 Bf6 10. Rc1 Na6 11. Be1 Nac5 12. b4 Nxc3 13. Bxc3 Ne4 14. Be1 c6 $1
$146 {[%mdl 4] Very sound idea, Black will enjoy strong centralised pieces and
a pleasant pawn structure.} (14... c5 15. Qb3 Rf7 16. Nd2 exd5 17. cxd5 c4 18.
Nxc4 Bxd5 19. Qd3 Bxc4 20. Qxc4 d5 21. Qd3 g6 22. f3 Ng5 23. Bd2 Ne6 24. f4 Rd7
25. g4 {1-0 Sorin,A-Quiroga,F/Buenos Aires 2004/ (53)}) 15. dxe6 dxe6 16. Qb3
c5 17. a3 Rc8 (17... Qc7 18. Rc2 f4 $15) 18. Rc2 Qc7 19. Nd2 Nd6 (19... Nxd2
20. Bxd2 Bxg2 21. Kxg2 Qc6+ 22. Qf3 Qa4 23. Rfc1 a6 $15) (19... Ng5 20. f3 Rcd8
21. Bf2 Bd4 $15) 20. Bxb7 Qxb7 21. f3 Qc6 (21... Qf7 22. Bf2 Rfd8 $15) 22. Bf2
e5 {Slightly double edged pawn advance. Now White will get the chance to
exploit the weakness of d5 square.} (22... Rcd8 23. bxc5 bxc5 24. Qe3 Nb7 25.
Nb3 $11) 23. Rd1 (23. bxc5 bxc5 24. Qd3 Rfd8 25. Qd5+ Qxd5 26. cxd5 c4 27. Rfc1
$11) 23... e4 24. Nf1 Nb7 (24... exf3 25. exf3 f4 26. bxc5 bxc5 27. Rd5 $13)
25. Rd5 Qe6 26. Qa4 (26. Rcd2 a6 $11) 26... cxb4 27. axb4 Rxc4 {It was safer
to exchange on f3 first, but Black should have no real problems to reach
equality.} (27... exf3 28. exf3 (28. Qa2 $5 a5 (28... fxe2 29. Rxe2 Qf7 30.
Qxa7 Rxc4 31. Red2 $11) 29. b5 f4 30. exf3 fxg3 31. Nxg3 Nc5 32. Re2 $13) 28...
Rxc4 29. Rxc4 Qxd5 30. Rc7 (30. Ne3 Qxf3 31. Rf4 Qe2 32. Qd7 Nd8 $15) 30...
Qxf3 31. Qxa7 Nd8 32. Qxb6 $11) 28. Rxc4 Qxd5 29. Ne3 (29. Rc7 Nd6 30. Ne3 Qd2
$15) 29... Qe6 $2 {Unfortunate decision, Black queen will get pinned on this
square.} (29... Qf7 30. Qxa7 f4 31. gxf4 exf3 32. exf3 b5 33. Rc6 Qg6+ 34. Ng4
Nd8 $11) 30. Qxa7 b5 31. Rc1 Nd6 32. Qb6 exf3 (32... f4 33. gxf4 exf3 34. exf3
Be7 35. Rd1 $14) 33. exf3 Rd8 (33... f4 34. gxf4 Bd8 35. Qd4 $14) 34. Rd1 $1 {
Suddenly Barrientos is completely tied down.} h5 (34... Be7 35. Nd5 Rd7 36.
Nxe7+ Qxe7 37. Qc6 $18) (34... Rd7 35. Nd5 $16) 35. Nd5 Kf7 36. Nf4 (36. Nf4
Qe7 37. Bc5 Nc4 38. Rxd8 Qxd8 39. Qe6#) 1-0

[Event "Bundesliga 0506"]
[Site "Germany"]
[Date "2006.03.11"]
[Round "12.3"]
[White "Romanishin, Oleg M"]
[Black "Gschnitzer, Oswald"]
[Result "1-0"]
[WhiteElo "2570"]
[BlackElo "2427"]
[Annotator "Ftacnik,L"]
[PlyCount "69"]
[EventDate "2005.10.21"]
[EventType "team-tourn"]
[EventRounds "15"]
[EventCountry "GER"]
[SourceTitle "CBM 112"]
[Source "ChessBase"]
[SourceDate "2006.06.07"]
[SourceVersion "1"]
[SourceVersionDate "2006.06.07"]
[SourceQuality "1"]
[WhiteTeam "Kreuzberg"]
[BlackTeam "Kirchheim"]
[WhiteTeamCountry "GER"]
[BlackTeamCountry "GER"]

1. d4 Nf6 2. Nf3 e6 3. g3 b6 4. Bg2 Bb7 5. c4 Be7 6. Nc3 Ne4 7. Bd2 f5 8. O-O
Bf6 9. Qc2 O-O 10. Rad1 Qe7 11. d5 Nd6 {The knight occupies rather unnatural
square, on the other hand the pressure against the c4 pawn is not pleasant for
white.} (11... Na6 12. Nxe4 fxe4 13. Qxe4 Rae8 14. Be3 exd5 15. Qxe7 Rxe7 16.
Nd4 Nb4 17. a3 Bxd4 18. Bxd4 Nc2 19. e3 c6 20. Bc3 Ba6 21. Rc1 {1-0 Barkhagen,
J (2415)-Marin,M (2527)/Gothenburg 1999/ (34)}) (11... Nxc3 12. Bxc3 Na6 13.
Nd4 Nc5 14. b4 Ne4 15. Bxe4 fxe4 16. Qxe4 Rae8 17. d6 Bxe4 18. dxe7 Rxe7 19.
Nb5 Bxc3 20. Nxc3 Bc6 21. f3 d6 22. e4 g5 {0-1 Hempson,P (2219)-Barton,R (2145)
/Millfield 2000/ (51)}) 12. Bf4 (12. b3 Na6 13. a3 $13) 12... e5 (12... Nxc4
13. Nb5 Nxb2 14. Rb1 e5 15. Nxe5 Bxe5 16. d6 $1 $18) 13. Bc1 Na6 (13... Nxc4
14. Qxf5 Nd6 15. Qg4 $14) 14. b3 Nc5 (14... Nb4 15. Qb2 a5 (15... Rae8 16. a3
Na6 17. Qc2 c6 $13) 16. a3 Na6 $11) 15. b4 Nce4 (15... Na6 16. a3 c6 17. Qb3
Kh8 $13) 16. c5 $1 {Romanishin understands the need to break the position and
exploit black´s exposed pieces.} bxc5 17. bxc5 Nxc5 (17... Nxc3 $2 18. cxd6 $1
Nxe2+ 19. Qxe2 Qxd6 20. Qc2 $16) 18. Ba3 Nce4 $2 {[%mdl 2048] The direction to
the center is now distinctly wrong, Gschnitzer had to consider modest retreat
to a6.} (18... Na6 19. Bxd6 Qxd6 20. Qxf5 Nc5 21. Nd2 $13) 19. Nxe4 (19. Rb1 $5
Ba6 20. Nxe4 fxe4 21. Nd2 (21. Qxc7 exf3 22. Bxf3 (22. Bxd6 Rac8 $1 23. Bxe7
Rxc7 24. Bxf8 fxg2 25. Rfc1 Rxc1+ 26. Rxc1 Kxf8 $17) 22... Nb5 23. Rxb5 Qxa3
24. Ra5 Qxf3 25. exf3 Bxf1 26. Kxf1 Bd8 27. Qc3 Bxa5 28. Qxa5 Rxf3 29. d6 Raf8
30. Qxa7 Rxf2+ $11) 21... e3 22. fxe3 Rac8 23. Ne4 $16) 19... fxe4 20. Nd2 (20.
Qxc7 exf3 21. Bxd6 Rfc8 22. Bxe7 (22. Qxb7 Qxd6 23. Bxf3 Rcb8 $19) 22... Rxc7
23. Bxf3 Bxe7 24. d6 Bxf3 25. exf3 Bxd6 26. Rxd6 $11) 20... Qf7 $2 (20... Rac8
21. Nxe4 a5 22. Rd3 $1 Ba6 23. Rc3 $16) 21. Qxc7 Nb5 22. Qxb7 Nxa3 23. Qb3 {
The knight on a3 is such a misserable piece, that white will be able to win
without much effort.} Be7 24. Nxe4 (24. d6 Qxb3 25. axb3 Bxd6 26. Nxe4 Be7 27.
Nd6 Bxd6 28. Bxa8 Bc5 29. Bd5+ Kh8 30. Rc1 d6 31. e3 $18) 24... Rab8 25. Qd3 (
25. Qa4 Nb5 26. d6 Bf6 27. e3 $16) 25... Bb4 26. d6 (26. f4 exf4 27. Rxf4 Qg6
28. d6 $16) 26... Kh8 27. Rc1 (27. Bh3 $1 Qe8 28. Rc1 $18) 27... Nb5 28. e3 {
Even on b5 black knight still cuts the sorry picture.} (28. f4 Qh5 29. e3 exf4
30. Rxf4 Rxf4 31. gxf4 Qf5 32. Qb3 $18) 28... Qg6 (28... Qxa2 29. Ng5 g6 30.
Rc4 Qa3 31. Qd5 Bxd6 32. Rh4 h5 33. Rxh5+ gxh5 34. Qe4 Kg7 35. Qh7+ Kf6 36. Bh3
$1 $18) 29. Rfd1 Rb6 (29... Na3 30. Rc7 $18) 30. a4 Nxd6 (30... Na3 31. Rc7 a5
32. Rxd7 $18) 31. a5 $1 {If there is any justice in chess it is surely
manifested here. The small pawn advnace is simply underlining the artificial
nature of black defense.} Bxa5 (31... Rc6 32. Rxc6 dxc6 33. Nxd6 Qxd3 34. Rxd3
$18) 32. Nxd6 Qxd3 33. Rxd3 Rb2 (33... Bb4 34. Nc4 Re6 35. Rxd7 $18) 34. Nc4 (
34. Nf7+ Kg8 35. Rxd7 $18) 34... Rc8 35. Rdd1 $1 1-0

[Event "EU-ch 3rd"]
[Site "Batumi"]
[Date "2002.06.16"]
[Round "5"]
[White "Aronian, Levon"]
[Black "Bagaturov, Giorgi"]
[Result "1-0"]
[WhiteElo "2571"]
[BlackElo "2434"]
[Annotator "Ftacnik,L"]
[PlyCount "81"]
[EventDate "2002.06.12"]
[EventType "swiss"]
[EventRounds "13"]
[EventCountry "GEO"]
[SourceTitle "CBM 090"]
[Source "ChessBase"]
[SourceDate "2002.09.20"]
[SourceVersion "1"]
[SourceVersionDate "2002.09.20"]
[SourceQuality "1"]

1. d4 Nf6 2. c4 e6 3. Nf3 b6 4. g3 Bb7 5. Bg2 Be7 6. O-O O-O 7. Nc3 Ne4 8. Bd2
f5 9. Rc1 Bf6 10. d5 Na6 11. a3 c6 12. dxc6 dxc6 13. b4 (13. Qc2 c5 (13... Nxd2
14. Nxd2 Qe7 15. e4 Rad8 16. Rfe1 Qc5 17. Nb3 Qd6 18. Rcd1 Qc7 19. f4 e5 20.
fxe5 Bxe5 21. exf5 Rxd1 22. Rxd1 Qf7 23. Nd4 Qxc4 24. Ne6 Re8 25. Qe4 Qxe4 26.
Bxe4 {1-0 Mortensen,H-Gabrielsen,S/Copenhagen 1999/ (56)}) 14. Rfd1 (14. Nxe4
Bxe4 15. Qa4 Nb8 {1/2-1/2 Ovsejevitsch,S-Brodsky,M/Donetsk/1998/ (15)}) 14...
Qe7 15. Ne1 (15. Nxe4 Bxe4 16. Qa4 Nb8 17. Bc3 (17. b4 Nc6 18. b5 Nd8 19. Bc3
Bxc3 20. Rxc3 Nf7 21. Ne1 Rad8 {1/2-1/2 Beliavsky,A-Brodsky,M/Koszalin/1998/ 
(27)}) 17... Bxc3 18. Rxc3 Nc6 19. Rcc1 {1/2-1/2 Heyken,E-Pliester,L/Groningen
1988/ (19)}) 15... Nd6 (15... Nxd2 16. Bxb7 Qxb7 17. Qxd2 Rad8 18. Qe3 Qe7 19.
Qf3 Nb8 20. Nd3 Bxc3 21. bxc3 e5 22. e4 Nc6 23. Ne1 fxe4 24. Qxe4 Qf7 25. Qe2
Rxd1 26. Rxd1 Na5 27. Ng2 Nxc4 {0-1 Hansen,C-Kortschnoj,V/Malmo 1996/ (50)})
16. Bf4 Nf7 17. Nb5 Rad8 18. Rb1 Bxg2 19. Nxg2 Nb8 20. Rxd8 Rxd8 21. Bxb8 Rxb8
22. Rd1 a6 23. Nc3 b5 24. cxb5 axb5 25. a4 Bxc3 {1/2-1/2 Stangl,M-Levitt,J/
Augsburg 1988/ (25)}) 13... c5 (13... Nxd2 14. Nxd2 Qe7 15. Qc2 c5 16. Bxb7
Qxb7 17. b5 Nc7 18. Rcd1 Rfd8 19. Nb3 Ne8 20. Rxd8 Rxd8 21. Rd1 Nd6 {0-1 Cech,
P-Novikov,Y/Frydek Mistek 1995/ (43)}) 14. Nxe4 (14. b5 Nc7 15. Nxe4 Bxe4 16.
Bc3 Bxc3 17. Rxc3 Qf6 18. Rc1 Rfd8 19. Qb3 Rd7 20. Rfd1 {1/2-1/2 De Lange,
D-Levitt,J/Hamar 1983/ (20)}) 14... fxe4 (14... Bxe4 15. Qa4 Qc8 16. Qb3 e5 (
16... Rd8 17. Bc3 Bxc3 18. Qxc3 Nb8 $11) 17. Rfd1 Rd8 $11) 15. Ne1 cxb4 (15...
Qd7 16. Qc2 Rad8 17. Bc3 Bxc3 18. Qxc3 Qd2 19. b5 Nc7 20. f3 $11) (15... Qd6
16. b5 Rad8 17. bxa6 Bc6 18. Rc2 (18. Bh3 e5 19. Nc2 Qxd2 20. Qxd2 Rxd2 21.
Be6+ Kh8 22. Rfd1 $11) 18... Ba4 19. Bxe4 Bxc2 20. Qxc2 Qxd2 21. Bxh7+ Kh8 22.
Nf3 Qxc2 23. Bxc2 g5 $15) 16. axb4 Rc8 {Black can rely on this solid line to
bring him equality, but he has to play good moves. Due to the doubled pawn on
e file his actions should be rather forceful.} (16... Qd6 17. b5 (17. Nc2 Rad8
18. Be3 Qc7 19. Qe1 Qxc4 $17) 17... Nc5 18. Bf4 Qxd1 19. Rxd1 a6 20. Bc7 (20.
Rd6 Bd8 $15) 20... axb5 21. cxb5 Ra5 22. Bxb6 Rxb5 $11) 17. Bh3 Qe7 (17... Qd6
18. Bf4 Qxd1 19. Bxe6+ Kh8 20. Rxd1 $16) (17... Rc6 18. Qc2 Rd6 19. Bc3 Bxc3
20. Qxc3 Qg5 21. Ra1 $11) 18. Ng2 Rcd8 19. Qe1 Be5 (19... Bd4 $5 20. Rc2 (20.
Rb1 Rc8 21. Nf4 Nc7 22. Bc3 Rcd8 23. Ra1 a6 24. Bxd4 Rxd4 25. Qc3 $11) 20...
Nc7 21. Ne3 a6 $11) 20. Rb1 Rc8 (20... Qf6 21. Ne3 Bd4 22. Bg2 $11) 21. Bc3 Qf6
$6 (21... Bd6 22. Ne3 Rcd8 $11) 22. Bxe5 Qxe5 23. Ne3 Nb8 (23... Nc7 24. Qd2
Rfd8 25. Qa2 $14) 24. Qd2 Rfe8 25. c5 $1 {[%mdl 32] Excellent strategical
solution, Aronian fights for the domination on the dark squares. Black has his
hands full with defense of all weaknesses on the white squares.} bxc5 (25...
Rc6 26. Rfc1 bxc5 27. bxc5 Ba6 28. Rb4 $16) (25... Red8 26. Qb2 Qxb2 27. Bxe6+
Kf8 28. Rxb2 $16) 26. bxc5 Bc6 (26... Ba8 27. Qd6 (27. Rfc1 Rxc5 28. Bxe6+ Kh8
29. Rxc5 Qxc5 30. Bf5 $14) 27... Nc6 28. Nc4 Qf6 29. Qd2 $16) 27. Qd6 $1 Qxd6 (
27... Nd7 28. Ra1 Rc7 29. Rfb1 $16) 28. cxd6 a5 (28... Rcd8 29. Rfd1 a5 30. Nc4
$16) 29. Rfc1 Nd7 (29... Bd7 30. Bg2 Rxc1+ 31. Rxc1 Bc6 32. Nc4 $16) 30. Rc3
Kf7 31. Rbc1 Ne5 32. Bg2 $1 (32. Rc5 Bd7 33. Bg2 a4 34. Bxe4 $18) 32... Bd7 (
32... Red8 33. Bxe4 Rxd6 34. f4 $18) 33. Bxe4 {White's pieces are controlling
the center and many squares on the queenside.} Rxc3 34. Rxc3 Rc8 (34... a4 35.
f4 Ng6 36. Rc7 Rd8 37. Bc6 Ke8 38. Rxd7 Rxd7 39. Bxa4 Kd8 40. Bxd7 Kxd7 41. Nc4
$18) 35. Rxc8 Bxc8 36. f4 Nd7 (36... Ng6 37. Nc4 a4 38. Kf2 Ba6 39. Bxg6+ hxg6
40. Ne5+ Ke8 41. d7+ Kd8 42. Nc6+ Kxd7 43. Nb8+ Kd6 44. Nxa6 $18) 37. Nc4 Ba6 (
37... a4 38. Bc6 Ba6 39. Bxd7 Bxc4 40. Bxa4 $18) 38. Nxa5 Bxe2 39. Kf2 Bg4 (
39... Bb5 40. Ke3 e5 41. fxe5 Nxe5 42. Kd4 $18) 40. Nc4 Kf6 $6 (40... Bf5 41.
Bc6 Bd3 42. Bxd7 Bxc4 43. Ke3 $18) 41. Ne5 $1 (41. Ne5 $1 Nxe5 42. fxe5+ Kf7
43. Bxh7 $18) 1-0

[Event "Interpolis-02"]
[Site "Tilburg"]
[Date "1978.09.15"]
[Round "11"]
[White "Browne, Walter Shawn"]
[Black "Spassky, Boris Vasilievich"]
[Result "1/2-1/2"]
[WhiteElo "2550"]
[BlackElo "2630"]
[Annotator "Ftacnik,L"]
[PlyCount "79"]
[EventDate "1978.09.01"]
[EventType "tourn"]
[EventRounds "11"]
[EventCountry "NED"]
[EventCategory "14"]
[SourceTitle "MCL"]
[Source "ChessBase"]
[SourceDate "1999.07.01"]
[SourceVersion "1"]
[SourceVersionDate "1999.07.01"]
[SourceQuality "1"]

1. d4 Nf6 2. c4 e6 3. Nf3 b6 4. g3 Bb7 (4... Ba6 5. Qa4 c6 6. Nc3 b5 $5 7. cxb5
cxb5 8. Nxb5 Qb6 9. Nc3 Bb4 10. Bg2 Nc6 $132) 5. Bg2 Be7 (5... Bb4+ 6. Bd2 Be7)
6. O-O O-O 7. Nc3 Na6 $5 (7... d5 8. Ne5 Na6) 8. Bg5 $5 (8. d5 Bb4 $1) (8. b3
d5 9. Ne5 c5 10. Bb2 Ne4 $2 (10... Qb8 {Furman-Huebner, Bad Lauterberg 1977,}
11. e3 $14) 11. Nxe4 dxe4 12. dxc5 Nxc5 13. b4 $16 {Sosonko-Van der Sterren,
NLD-ch 1978}) (8. Qa4) 8... d5 (8... Ne4 9. Nxe4 Bxe4 10. Bxe7 Qxe7 11. Qa4) 9.
Ne5 c5 10. e3 (10. Rc1 Ne4 $1 {Petrosian-Tal, Chigorin Memorial, Sochi 1977}
11. Bxe7 Qxe7 12. dxc5 Naxc5 13. Nxe4 dxe4 14. b4 (14. Ng4 $2 f5 15. Ne3 a5 $16
{Garcia Padron-Karpov, Las Palmas 1977}) 14... Rad8 15. Qc2 Qg5 16. bxc5 Qxe5
17. cxb6 axb6 18. Rb1 Qa5 19. Rb5 Rd2 20. Qb1 Qxa2 $10) 10... Ne4 11. Bxe7 Qxe7
12. cxd5 exd5 13. Qa4 $5 (13. Rc1 Nc7 (13... Nxc3 14. Rxc3 c4 15. Qa4 f6 (15...
Nc7 16. Rxc4 $1 {e.g.} b5 17. Qb4) 16. Nc6 Qd7 17. Bxd5+) 14. Qa4 (14. b3 $14)
14... Rfe8 15. Rfd1 Nxc3 16. Rxc3 c4 $1 $15 {Smejkal-Byrne, Biel (izt)1978}) (
13. Nd3 Nc7 14. Nf4 Rfd8 $6 (14... Nxc3 $142 15. bxc3 c4) 15. Re1 Ne8 16. Qc2
N8f6 17. dxc5 Qxc5 18. Rac1 Qe7 19. Red1 $16 {Beliavsky-Kopeka, 1977}) 13...
Nc7 $1 (13... Qe8 $6 14. Bxe4 Qxa4 $1 (14... dxe4 15. Nd7) 15. Bxh7+ Kxh7 16.
Nxa4 c4 17. Nc3 Nc7 18. b4 f6 $14 {Ivkov-Huebner, Bugojno 1978}) (13... Rfe8 $2
14. Nxd5 Bxd5 15. Qxa6 cxd4 16. exd4 Qe6 17. Qb5 Red8 18. Rfc1 $2 (18. Rfe1 $1)
18... Ng5 19. Nc6 $2 Bxg2 20. Nxd8 Qe4 21. h3 Nf3+ {0:1, Huebner-Timman,
Bugojno 1978}) 14. Rfd1 (14. Nd3 $142) 14... Rfe8 15. Rac1 $2 (15. Nd3 $142)
15... Nxc3 $1 16. bxc3 $5 (16. Rxc3 c4 $1 $15 {Smejkal-Byrne, Biel (izt) 1978})
16... f6 (16... c4 $6 17. Nxc4 $4 (17. Rb1 $1 {/\Nc4}) 17... b5 $1) 17. Nd3 c4
18. Nf4 Qd6 19. Rb1 (19. e4 $2 b5 $1 {/\de}) 19... a5 (19... b5 $6 20. Qa5) (
19... Bc6 20. Qb4 Qxb4 21. Rxb4 b5) 20. e4 $5 b5 (20... dxe4 21. Qxc4+ Nd5 22.
Nxd5 Bxd5 23. Qb5 Rac8 $10) 21. Qc2 dxe4 22. a4 $1 g5 (22... b4 23. cxb4 axb4
24. Qxc4+ Nd5 25. Nxd5 Bxd5 26. Qxb4 $16) 23. Nh5 b4 (23... f5 $5 24. axb5 (24.
g4) (24. d5 $5) (24. h4) 24... Qg6 25. g4 f4 $13) 24. cxb4 axb4 25. Rxb4 $1 (
25. Qxc4+ Nd5 $13) 25... Qxb4 26. Nxf6+ Kf7 (26... Kg7 $5 27. Rb1 Qe7 28. Nxe8+
Nxe8 29. Rxb7 $2 Qxb7 30. Bxe4 Qb3 $1 31. Qd2 Ra7 (31... Rb8 32. Qxg5+ Kf8 33.
Qf5+ Ke7 34. Qe5+ Kd8 35. Qd5+ $14) 32. Qxg5+ Kf8 (32... Kh8 $2 33. Qe5+ Ng7
34. Qd6 $1 $18) 33. Qf5+ Rf7 34. Qc5+ Kg7 35. Qg5+ Kh8 $17) (26... Kh8 27. Rb1
Qxa4 (27... Qe7 28. Rxb7 Qxf6 29. Rxc7 Qxd4 30. Rxc4 $10) 28. Qxa4 Rxa4 29.
Nxe8 Nxe8 30. Rxb7 Ra1+ 31. Bf1 c3 32. Rb8 c2 33. Rxe8+ Kg7 34. Rc8 c1=Q 35.
Rxc1 Rxc1 36. Kg2 Rd1 {+/-/+-}) 27. Nxe8 (27. Rb1 Qxa4 (27... Qe7 28. Rxb7 Kxf6
29. Qxc4 $14 {/+/-}) 28. Qxa4 Rxa4 29. Nxe8 Kxe8 30. Rxb7 Ra1+ 31. Bf1 Nd5 $17)
27... Nxe8 28. Rb1 Qe7 29. Rxb7 $1 Qxb7 30. Bxe4 Qb3 $1 (30... Qc8 31. Bxa8
Qxa8 32. Qxc4+ $10) 31. Bd5+ $1 (31. Qxb3 $4 cxb3 32. Bxa8 Nf6 $1 $19) 31...
Kg7 $1 (31... Kf6 $2 32. Qxb3 $1 cxb3 33. Bxa8 Kf5 34. Bd5) (31... Ke7 $4 32.
Qe4+) (31... Kf8 $4 32. Qf5+ (32. Qxh7)) 32. Qf5 Ra6 $1 (32... Ra7 $2 33. Qxg5+
Kf8 34. Qg8+ Ke7 35. Qf7+ Kd6 36. Qe6+ Kc7 37. Qe7+ $1 $18) (32... Rb8 $2 33.
Qf7+ Kh6 34. Be4 (34. Qf8+ Ng7 35. Qf6+ Kh5 36. Bf7+ Kg4 37. Kg2 $18) 34... Ng7
35. Qf6+ Kh5 36. Bf3+ g4 37. Bxg4+ Kxg4 38. h3+ Kh5 39. g4#) 33. Qf7+ Kh6 34.
Qxe8 Qd1+ 35. Kg2 Qxd4 36. Qf8+ Qg7 37. Qc8 Qa7 38. Qf8+ (38. Qxc4 $5) (38.
Bxc4 $5) (38. Be4 {/\ 39.Qh3+}) 38... Qg7 39. Qc8 Qa7 40. Qf8+ 1/2-1/2